000 01178nam a22002537a 4500
001 37871
003 BD-RjUL
005 20211209052659.0
008 150804s2008 bg ||||| |||| 00| 0 ben d
020 _a984074724x
035 _a(BD-RjUL)37976
040 _aBD-RjUL
_beng
_cBD-RjUL
041 _aben
082 _a909.097671
100 _aআলী, সৈয়দ আমীর
_9117339
245 _aআরব জাতির ইতিহাস /
_b[ হিস্ট্রি অফ সারাসিনস্ ] /
_cসৈয়দ আমীর আলী ; শেখ রেয়াজুদ্দীন আহম্মদ অনূদিত, মফীজুল্লাহ কবীর সম্পাদিত
250 _a২য় সং.
260 _aঢাকা :
_bবাংলা একাডেমী,
_c১৯৮১ [পূনর্মুদ্রণ ২০০৮ ]
300 _a৪৫৬ পৃ . ;
_c২০ সেমি.
651 _aIslamic Empire
_xHistory.
_9117340
700 _aআহম্মদ, শেখ রেয়াজুদ্দীন
_9117341
700 _aকবীর, মফীজুল্লাহ
_9117342
942 _2ddc
_cBK
_01
999 _c37871
_d37871